01813nam a22002654aa4500003000800000005001700008008004100025040003000066041000800096044000700104082001800111100004300129245023300172260002500405300004300430500003600473502018000509520073800689650002101427653001501448653001701463653002301480653001201503700003201515BOFEUTO20260513095152.0260504t2025 bo gr 000 f spa d 6BOFEUTOaBOFEUTOcBOFEUTO aspa abo aTE6311bR165p aRamírez Huajlla, Paola Dayanaeautor aPlan de negocios para la creación de un emprendimiento dedicada a la producción y comercialización de conos y barquillos de gallera la helados en la ciudad de Oruro . /c Paola Dayana Ramírez Huajlla, Clara Rojas Paredes aOruro :bs/n,c2025. a213 hojas ;bgráf, ilus. ;c28.5 cm. aIncluye bibliografía, anexos. aTesis Dirigida, (Licenciatura) -- Universidad Técnica de Oruro, Facultad de Ciencias Económicas, Financieras y Administrativas, Carrera Administración de Empresas, 2025. aHuara la crujencia de la felicidad es un innovador emprendimiento local en Oruro, Bolivia, enfocando en la producción y comercialización de conos y barquillo de galletas crujientes y de calidad. Nuestro emprendimiento buscar beneficiar a los consumidores, ofreciendo cono y barquillos de excelente calidad y sabor a precios atractivos, mejorando su experiencia al disfrutar de helados y postres. Asimismo, contribuiremos al desarrollo económico local generando empleo estable y digno postres. En huara , no solo elaboramos galletas; creamos experiencias que deleitan. Nos dedicamos a producir conos y barquillos que son sinónimos de frescura, sabor y una crocancia inigualable, elevando el estándar de los postres en Oruro. aPlan de Negocios aCreación aProducción aComercialización aDemanda aRojas Paredes, Claraetutor